El anillo del Nibelungo
Salvato in:
| Autore principale: | |
|---|---|
| Natura: | Libro |
| Lingua: | spagnolo |
| Pubblicazione: |
Buenos Aires
Ricordi Americana
1947
|
| Serie: | Biblioteca Manuales Musicales
|
| Soggetti: | |
| Tags: |
Aggiungi Tag
Nessun Tag, puoi essere il primo ad aggiungerne!!
|
MARC
| LEADER | 00000nam a2200000 a 4500 | ||
|---|---|---|---|
| 001 | UCN3240 | ||
| 003 | CL-VaPUC | ||
| 008 | 010622e19470000AG |||||||||||||||||spa|d | ||
| 082 | 0 | 4 | |a 782.10268 |b WAG |2 21 |
| 100 | |a Wagner, Wilhelm Richard |e author |9 265759 | ||
| 245 | 1 | 3 | |a El anillo del Nibelungo |
| 300 | |a v | ||
| 942 | |c BK | ||
| 945 | |d 20010622 00:00:00 |a crobeson | ||
| 260 | |a Buenos Aires |b Ricordi Americana |c 1947 | ||
| 500 | |a v.2: Sigfrido-El ocaso de los dioses | ||
| 650 | 0 | |a Óperas, libretos |9 306495 | |
| 650 | 0 | |a Ópera alemana |9 306436 | |
| 583 | |a last modification |c 20010622 00:00:00 |k Rodrigo Vera | ||
| 490 | 0 | |a Biblioteca Manuales Musicales | |
| 999 | |c 296165 |d 296163 | ||
| 952 | |0 0 |1 0 |4 0 |6 782_102680000000000_WAG_1947 |7 0 |8 A |9 349778 |a BIBEDU |b BIBEDU |d 2019-11-20 |h v.2 |i 1234943 |o 782.10268 WAG 1947 |p 1234943 |r 2022-01-17 |w 2019-11-20 |y BK |k MUS | ||